[Event "World Cup U18 Girls Prel"]
[Site "Tornelo INT"]
[Date "2021.08.01"]
[Round "9"]
[White "Caballero, Alonso Alexa"]
[Black "Kazi Zarin, Tasnim"]
[Result "0-1"]
[WhiteElo "1602"]
[BlackElo "1822"]
[PlyCount "80"]
[EventDate "2021.08.01"]
[EventType "swiss (rapid)"]
[EventRounds "10"]
[EventCountry "NET"]
[SourceTitle "EXT 2024"]
[Source "ChessBase"]
[SourceDate "2023.10.10"]
[SourceVersion "1"]
[SourceVersionDate "2023.10.10"]
[SourceQuality "1"]

1. e4 e5 2. Nf3 Nc6 3. Bc4 Bc5 4. c3 Nf6 5. d3 a5 6. a4 0-0 7. h3 d6 8. Bb3 Be6 9. Bc2 d5 10. Nbd2 Qe7 11. Qe2 Rfe8 12. g4 Nd7 13. Nf1 d4 14. Ng3 g6 15. 0-0 Nf8 16. Kh1 f6 17. Nh2 Bf7 18. f4 Ne6 19. Rf3 exf4 20. Bxf4 Nxf4 21. Rxf4 Bd6 22. Rf3 Be5 23. c4 Nb4 24. Raf1 Rad8 25. Bd1 Qd6 26. Qg2 c6 27. g5 Bxg3 28. Rxg3 fxg5 29. Ng4 Kg7 30. e5 Qe7 31. Qf3 Rf8 32. Qe2 Be6 33. Nf6 Bf5 34. Bc2 Kh8 35. Qd2 Qxe5 36. Rxg5 Qxf6 37. Bd1 Qe6 38. Be2 Bxh3 39. Rfg1 Rf2 40. Qc1 Qxe2 0-1

[Event "World Cup U18 Girls Prel"]
[Site "Tornelo INT"]
[Date "2021.08.01"]
[Round "4"]
[White "Cabrera Bautista, Valeria Fernanda"]
[Black "Caballero, Alonso Alexa"]
[Result "0-1"]
[WhiteElo "1283"]
[BlackElo "1602"]
[PlyCount "78"]
[EventDate "2021.08.01"]
[EventType "swiss (rapid)"]
[EventRounds "10"]
[EventCountry "NET"]
[SourceTitle "EXT 2024"]
[Source "ChessBase"]
[SourceDate "2023.10.10"]
[SourceVersion "1"]
[SourceVersionDate "2023.10.10"]
[SourceQuality "1"]

1. d4 d5 2. Nf3 e6 3. e3 Nf6 4. Be2 Be7 5. 0-0 0-0 6. b3 c5 7. Bb2 Nc6 8. Nbd2 b6 9. Rc1 Bb7 10. Ne5 Rc8 11. Ndf3 Bd6 12. h3 Qe7 13. c4 h6 14. Nxc6 Bxc6 15. Ne5 Bxe5 16. dxe5 Ne4 17. Bd3 dxc4 18. Rxc4 Rcd8 19. f3 Ng3 20. Re1 Nf5 21. Rc3 Qg5 22. Qe2 Nh4 23. e4 Rd7 24. Rc2 Rfd8 25. Ba6 Rd2 26. Rxd2 Rxd2 27. f4 Rxe2 28. fxg5 Rxe1+ 29. Kf2 Rb1 30. Bc3 Bxe4 31. Bf1 hxg5 32. g3 Nf5 33. g4 Nd4 34. Bxd4 cxd4 35. a4 Rxb3 36. Bb5 Rxh3 37. Ke2 d3+ 38. Kd2 Rh2+ 39. Ke1 d2+ 0-1

[Event "World Cup U18 Girls Prel"]
[Site "Tornelo INT"]
[Date "2021.08.01"]
[Round "6"]
[White "Diaz Charpentier, Kristel Melissa"]
[Black "Caballero, Alonso Alexa"]
[Result "1-0"]
[WhiteElo "1898"]
[BlackElo "1602"]
[PlyCount "111"]
[EventDate "2021.08.01"]
[EventType "swiss (rapid)"]
[EventRounds "10"]
[EventCountry "NET"]
[SourceTitle "EXT 2024"]
[Source "ChessBase"]
[SourceDate "2023.10.10"]
[SourceVersion "1"]
[SourceVersionDate "2023.10.10"]
[SourceQuality "1"]

1. Nf3 e6 2. b3 d5 3. Bb2 Nf6 4. c4 c6 5. g3 b6 6. Bg2 Bb7 7. 0-0 Nbd7 8. d3 Rc8 9. Nbd2 Be7 10. Rc1 0-0 11. e3 c5 12. Qe2 Bd6 13. Rfd1 Qe7 14. e4 dxe4 15. Nxe4 Bb8 16. Nh4 Rcd8 17. f4 Rfe8 18. Re1 Bc8 19. Rcd1 e5 20. fxe5 Nxe5 21. Rf1 Nxe4 22. Bxe4 Bg4 23. Qf2 Bh3 24. Rfe1 Qg5 25. Bxe5 Bxe5 26. Nf3 Qf6 27. Nxe5 Rxe5 28. Qxf6 gxf6 29. d4 cxd4 30. Kf2 Kg7 31. Bd5 Rxe1 32. Kxe1 Be6 33. Rxd4 Bxd5 34. cxd5 Re8+ 35. Kd2 f5 36. Kc3 Kf6 37. Kc4 Ke5 38. Rd1 Rc8+ 39. Kb4 a6 40. a4 Kd6 41. Rf1 Kxd5 42. Rxf5+ Ke6 43. Rh5 a5+ 44. Kb5 Rc3 45. Kxb6 Rxb3+ 46. Kxa5 f5 47. Rxh7 Ra3 48. Rh6+ Ke5 49. Rb6 Ke4 50. Kb5 Kf3 51. Rf6 Kg4 52. a5 Kh3 53. Rxf5 Kxh2 54. a6 Rb3+ 55. Ka4 Rxg3 56. Rf8 1-0

[Event "Nizami Ganjavi 880 years U17"]
[Site "Tornelo INT"]
[Date "2021.04.03"]
[Round "5.10"]
[White "Allahverdiyeva, Ayan"]
[Black "Caballero, Alonso Alexa"]
[Result "1-0"]
[WhiteElo "2088"]
[BlackElo "1540"]
[PlyCount "127"]
[EventDate "2021.04.02"]
[EventType "team-swiss (blitz)"]
[EventRounds "9"]
[EventCountry "AZE"]
[SourceTitle "EXT 2023"]
[Source "ChessBase"]
[SourceDate "2022.10.05"]
[SourceVersion "1"]
[SourceVersionDate "2022.10.05"]
[SourceQuality "1"]
[WhiteTeam "Azerbaijan"]
[BlackTeam "Mexico"]
[WhiteTeamCountry "AZE"]
[BlackTeamCountry "MEX"]

1. e4 e6 2. d3 d5 3. Nd2 Nf6 4. Ngf3 Be7 5. g3 c5 6. Bg2 Nc6 7. 0-0 0-0 8. Re1 dxe4 9. Nxe4 h6 10. Qe2 Nd5 11. Bd2 b6 12. Rad1 Bb7 13. Bc1 Qc7 14. c4 Nf6 15. Nc3 a6 16. d4 cxd4 17. Nxd4 Nxd4 18. Rxd4 Bxg2 19. Kxg2 Rad8 20. Rxd8 Rxd8 21. Bf4 Qc6+ 22. Kg1 Bb4 23. Rc1 Rd4 24. b3 Qd7 25. Kg2 Qb7+ 26. Kg1 Qd7 27. Qf3 Rd3 28. Qa8+ Kh7 29. Ne4 Nh5 30. Be3 b5 31. cxb5 axb5 32. Nc5 Rd1+ 33. Kg2 Bxc5 34. Rxc5 Nf6 35. Qf3 Rd5 36. Rc1 Rf5 37. Qe2 Qd5+ 38. Kg1 Qa8 39. Rc7 Nd5 40. Ra7 Qb8 41. Bd4 Qd6 42. Qe4 Nf6 43. Bxf6 gxf6 44. Rxf7+ Kg6 45. Ra7 Qd1+ 46. Kg2 Qd2 47. Qg4+ Rg5 48. Qxe6 Re5 49. Qf7+ Kf5 50. Qh5+ Ke6 51. Qe8+ Kf5 52. Qc8+ Kg6 53. h4 Qd5+ 54. Kh2 Qd4 55. Qc2+ f5 56. Ra6+ Kf7 57. Rxh6 Rc5 58. Qe2 Re5 59. Qh5+ Kf8 60. Rh8+ Ke7 61. Qe8+ Kd6 62. Rh6+ Kc5 63. Qf8+ Kd5 64. Rd6+ 1-0